| 000 | 01268nam a22001817a 4500 | ||
|---|---|---|---|
| 999 |
_c59954 _d59954 |
||
| 003 | Ge_BSU | ||
| 005 | 20230522170955.0 | ||
| 008 | 230522s1989 ge ||||| |||| 00| 0 geo d | ||
| 041 | _ageo | ||
| 080 | _a7(479.22)(063) ქ-27 | ||
| 245 |
_aქართული ხელოვნებისადმი მიძღვნილი მეექვსე საერთაშორისო სიმპოზიუმი : _bმოხსენებათა თეზისები / _cსაქ. სსრ მეცნიერებათა აკადემია. გ. ჩუბინაშვილის სახელობის ქართული ხელოვნების ისტორიის ინ-ტი. |
||
| 264 |
_aთბილისი, _c1989. |
||
| 300 |
_a301 გვ. ; _b20 სმ. |
||
| 653 | _aქართული ხელოვნება | ||
| 653 | _aსაერთაშორისო სიმპოზიუმები. | ||
| 710 |
_aსაქ. სსრ მეცნიერებათა აკადემია. _bგ. ჩუბინაშვილის სახელობის ქართული ხელოვნების ისტორიის ინ-ტი. _918177 |
||
| 942 |
_2udc _cBK |
||